000 00364nam a2200121Ia 4500
008 240731s9999 xx 000 0 und d
022 _a2044-3978
245 0 _aNeuropsychoanalysis : An Interdisciplinary Journal for Psychoanalysis and the Neurosciences
260 _bRoutledge
856 _uhttps://www.tandfonline.com/loi/rnpa20
942 _2ddc
942 _cTFEJ
999 _c78694
_d78694
945 _a1
_bMadushi Gamage
_c1
_dMadushi Gamage